Zbornik za umetnostno zgodovino

Detalles Bibliográficos
Título anterior:Zbornik za umetnostno zgodovino
Formato: Electrónico Revista
Lenguaje:esloveno
Publicado: Ljubljana, Slovenia : Zbornik za Umetnostno Zgodovino
Materias:
Acceso en línea:Full text available from Research Library: 01/01/2011 to 01/31/2016

MARC

LEADER 00000nas a2200000 i 4500
001 ssj0001077984
003 WaSeSS
005 20200512172242.0
006 m d
007 cr n
008 140109u20uuuuuuxv a| p|s|||||| |0slv d
035 |a (WaSeSS)ssj0001077984 
040 |a WaSeSS  |b eng  |c WaSeSS  |d WaSeSS 
043 |a e-xv--- 
050 1 4 |a N5300 
245 0 0 |a Zbornik za umetnostno zgodovino  |h [electronic resource]. 
260 |a Ljubljana, Slovenia :  |b Zbornik za Umetnostno Zgodovino 
310 |a Annual 
506 |a License restrictions may limit access. 
588 |a Description based on: 2011; title from title screen (ProQuest, viewed Jan. 9, 2014). 
588 |a Latest issue consulted: 2011 (viewed Jan. 9, 2014). 
650 0 |a Art  |x History  |v Periodicals. 
650 0 |a Art  |z Slovenia  |v Periodicals. 
655 0 |a Electronic journals. 
776 0 8 |i Print version:  |t Zbornik za umetnostno zgodovino  |x 0351-224X 
780 1 0 |t Zbornik za umetnostno zgodovino  |x 1580-3767 
856 4 0 |z Full text available from Research Library: 01/01/2011 to 01/31/2016  |u https://search.proquest.com/publication/1606351